Possibilities of diverse rubber based agroforestry systems for smallholdings in India (Record no. 48667)

MARC details
000 -LEADER
fixed length control field 00593nam a2200217Ia 4500
100 ## - MAIN ENTRY--AUTHOR NAME
Personal name Jessy M D
245 #0 - TITLE STATEMENT
Title Possibilities of diverse rubber based agroforestry systems for smallholdings in India
260 ## - PUBLICATION, DISTRIBUTION, ETC. (IMPRINT)
Name of publisher Agroforestry Systems
Year of publication 2017
300 ## - PHYSICAL DESCRIPTION
Number of Pages 515-526
650 ## - SUBJECT ADDED ENTRY--TOPICAL TERM
Topical Term Crop diversification
650 ## - SUBJECT ADDED ENTRY--TOPICAL TERM
Topical Term Drought mitigation
650 ## - SUBJECT ADDED ENTRY--TOPICAL TERM
Topical Term Medicinal plants
650 ## - SUBJECT ADDED ENTRY--TOPICAL TERM
Topical Term Plantation crops
650 ## - SUBJECT ADDED ENTRY--TOPICAL TERM
Topical Term Spices
650 ## - SUBJECT ADDED ENTRY--TOPICAL TERM
Topical Term Vegetables
650 ## - SUBJECT ADDED ENTRY--TOPICAL TERM
Topical Term Wintering period
700 ## - ADDED ENTRY--PERSONAL NAME
Personal name George S
700 ## - ADDED ENTRY--PERSONAL NAME
Personal name Joseph P
942 ## - ADDED ENTRY ELEMENTS (KOHA)
Koha item type Bibliography STAF
Holdings
Withdrawn status Lost status Damaged status Not for loan Home library Current library Shelving location Date acquired Serial Enumeration / chronology Koha item type
      Bibliography RRII Library RRII Library Agronomy 01/01/2021 Volume 91, Issue 3 Bibliography STAF